000 00543nam a2200193Ia 4500
005 20250508161932.0
008 008 250505s9999 xx 000 0 hin d
037 _aDissertations
040 _aFEDL
_beng
_cFEDL
041 _ahin
_2eng
084 _a305.6, SRI/DI
_qFEDL
100 _aSrivastava Kamlesh
245 0 _aJanmkrem evam vyaktitva visheshtaon ka adhyayan.
260 _c1974
300 _a111p.
546 _aM.Ed. Dissertation (Agra University)
942 _cDIS
_h305.6, SRI/DI
999 _c1373347
_d1373347